Identification anthropométrique (Record no. 152029)

MARC details
000 -LEADER
campo de control de longitud fija 00948nam a2200205 i 4500
001 - NÚMERO DE CONTROL
campo de control 152029
003 - IDENTIFICADOR DE NÚMERO DE CONTROL
campo de control ES-MaACL
005 - FECHA Y HORA DE LA ÚLTIMA TRANSACCIÓN
campo de control 20230906204512.0
008 - DATOS DE LONGITUD FIJA--INFORMACIÓN GENERAL
campo de control de longitud fija 001018s1893 fr af |||| | fre d
080 ## - NÚMERO DE LA CLASIFICACIÓN DECIMAL UNIVERSAL
Número de la Clasificación Decimal Universal 572.5
100 1# - ENTRADA PRINCIPAL--NOMBRE DE PERSONA
Nombre de persona Bertillon, Alphonse.
9 (RLIN) 199555
245 10 - MENCIÓN DEL TÍTULO
Título Identification anthropométrique
Resto del título : instructions signalétiques /
Mención de responsabilidad, etc. par Alphonse Bertillon.
250 ## - MENCION DE EDICION
Mención de edición Nouvelle éd. entièrement refounde et considèrablement augm. avec un album de 81 planches et un tableau chromatique des nuances de l'iris humain.
260 ## - PUBLICACIÓN, DISTRIBUCIÓN, ETC.
Lugar de publicación, distribución, etc. Melun :
Nombre del editor, distribuidor, etc. [s.n.],
Fecha de publicación, distribución, etc. 1893 (
Fabricante Imp. Administrative)
300 ## - DESCRIPCIÓN FÍSICA
Extensión 2 v. (LXXXIV, 148 p. ; 81 h. de lám., [2] h. de lám. pleg.) ;
Dimensiones 24 cm.
597 ## - NOTA DE DESCRIPCIÓN FÍSICA
NOTA DE DESCRIPCIÓN FÍSICA En v. 2: álbum, que contiene 81 lám. y 1 cuadro cromático de los matices del iris humano.
650 #4 - PUNTO DE ACCESO ADICIONAL DE MATERIA--TÉRMINO DE MATERIA
Término de materia o nombre geográfico como elemento de entrada Antropometría.
9 (RLIN) 135576
852 ## - LOCALIZACIÓN
Ubicación ES-MaACL
Número de control de estantería D-96-97
Nota libre - Enc. hol., conservando la enc. original
-- . - Donativo Lastres
Holdings
Estatus retirado Estado de pérdida Estado de daño No para préstamo Colección Biblioteca de origen Biblioteca actual Ubicación en estantería Fecha de adquisición Fuente de adquisición Total de préstamos Signatura topográfica completa Código de barras Visto por última vez Precio de reemplazo Tipo de ítem Koha
        Libros del s. XIX Biblioteca del Ateneo de Madrid Biblioteca del Ateneo de Madrid Sala Valle Inclán 17/01/2008     D-96-97 901158689 23/02/2023 23/02/2023 Libro impreso antiguo